000
00290nam a22001217a 4500
040
_c
SY
082
_a
631
100
_a
THOMAS DIEROLF
245
_a
A toolkit for acid, upland soil fertility management in southeast asia
260
_a
NA
_b
THOMAS DIEROLF
_c
NA
300
_a
149p.
942
_c
EK
999
_c
8793
_d
8793